Self-governing socialism. (Record no. 8529)

MARC details
000 -LEADER
fixed length control field 00503nam a22001937ua4500
001 - CONTROL NUMBER
control field WIIW0000102
003 - CONTROL NUMBER IDENTIFIER
control field OSt
005 - DATE AND TIME OF LATEST TRANSACTION
control field 20180823122900.0
008 - FIXED-LENGTH DATA ELEMENTS--GENERAL INFORMATION
fixed length control field 180823| ||||| |||| 00| 0 eng d
040 ## - CATALOGING SOURCE
Transcribing agency OSt
041 ## - LANGUAGE CODE
Language code of text/sound track or separate title eng
245 00 - TITLE STATEMENT
Title Self-governing socialism.
Remainder of title A reader
260 ## - PUBLICATION, DISTRIBUTION, ETC.
Place of publication, distribution, etc. White Plains, NY :
Name of publisher, distributor, etc. International Arts and Sciences Press
700 1# - ADDED ENTRY--PERSONAL NAME
Personal name Horvat, Branko
Relator term ed.
700 1# - ADDED ENTRY--PERSONAL NAME
Personal name Marković, Mihailo
Relator term ed.
700 1# - ADDED ENTRY--PERSONAL NAME
Personal name Supek, Rudi
Relator term ed.
700 1# - ADDED ENTRY--PERSONAL NAME
Personal name Kramer, Helen
Relator term ed.
942 ## - ADDED ENTRY ELEMENTS (KOHA)
Koha item type Book

No items available.

The Vienna Instiute for International Economic Studies (wiiw)